00389nam a22001457a 450000500170000000800410001702000150005804100120007308200130008510000120009824500260011026000560013630000250019265000260021720240822110155.0240822b |||||||| |||| 00| 0 eng d a0409019038 aEnglish a349 LAW  lEnglish aThe Lawyer's Yearbook aDurban: bButterworth Publishers (Pty) Ltd, c2007  b373 pages; c18 cm.  aLegal practice bLaw